meilleur joueur de foot 2025 - Statistiques

Statistiques générales
  • Ce quiz a été pris 106 fois
  • Le résultat moyen est 39 sur 99
Statistiques - réponses
nombre réponse % Correct
1 dembélé
95%
4 mbappé
95%
2 yamal
91%
7 hakimi
89%
97 van de ven
87%
16 doué
81%
34 messi
81%
5 kane
78%
51 ronaldo
78%
3 vitinha
77%
6 haaland
76%
9 salah
76%
11 mendes
75%
13 donnarumma
73%
10 pedri
73%
8 raphinha
68%
12 palmer
66%
17 neves
65%
44 pacho
65%
53 barcola
62%
30 courtois
62%
42 marquinhos
62%
24 lewandowski
61%
75 rodri
61%
18 bellingham
59%
21 olise
59%
27 ruiz
56%
26 saka
53%
31 diaz
51%
37 valverde
51%
20 martinez
49%
79 martinez
49%
15 rice
48%
68 ekitiké
46%
36 wirtz
46%
95 neuer
44%
33 saliba
44%
23 van dijk
44%
61 de jong
43%
43 musiala
43%
28 gyökeres
42%
14 kvaratskhelia
42%
74 de bruyne
39%
62 foden
39%
25 alvarez
38%
69 cubarsi
38%
96 Griezmann
38%
81 koundé
38%
59 raya
38%
66 thuram
38%
39 guirassy
37%
50 kimmich
35%
92 leao
35%
49 alisson
34%
45 odegaard
34%
46 osimhen
33%
54 bastoni
32%
40 dumfries
32%
65 sommer
32%
100 dimarco
29%
56 fernandes
29%
19 mctominay
29%
73 silva
29%
85 dias
28%
48 isak
28%
35 mac allister
28%
63 barella
27%
32 caicedo
27%
76 doku
27%
94 gvardiol
24%
47 fernandez
23%
72 guler
23%
64 cucurella
22%
77 pedro
22%
38 szoboszlai
19%
78 mbeumo
18%
90 yildiz
18%
41 gravenberch
16%
91 merino
16%
57 eze
15%
93 huijsen
14%
67 lopez
14%
71 zubimendi
14%
52 çalhanoglu
13%
86 grimaldo
13%
70 Guimaraes
11%
58 williams
11%
89 semenyo
10%
99 arnold
9%
60 Estevao
9%
80 reijnders
6%
83 woltemade
5%
22 junior
4%
29 magalhaes
4%
82 oyarzabal
4%
87 paz
3%
98 anthony
1%
84 zambo
1%
88 de arrascaeta
0%
Aucun quiz correspondant
Distribution des résultats
% des personnes avec chaque résultat
Percentile par nombre de réponses
Votre historique - résultats
Vous n’avez pas pris ce quiz